Państwa, które odwiedzają Australię - Statystyki

Ogólne statystyki
  • Ten quiz został rozwiązany 4 347 razy
    4 072 od ostatniego zresetowania
  • Średni wynik to 11 z 15
Statystyki odpowiedzi
# Państwo % Poprawnych
659 740 Stany Zjednoczone
98%
1 272 140 Nowa Zelandia
95%
719 490 Chiny
94%
297 720 Japonia
91%
596 880 Wielka Brytania
84%
395 560 Indie
83%
201 500 Indonezja
83%
157 190 Kanada
83%
151 870 Niemcy
77%
288 010 Korea Południowa
71%
175 550 Malezja
61%
157 570 Filipiny
59%
166 630 Wietnam
53%
364 010 Singapur
41%
122 790 Tajwan
39%
Nie znaleziono quizów pasujących do podanych kryteriów
Rozkład punktacji
Procent ludzi z każdym wynikiem
Percentyl według liczby udzielonych odpowiedzi
Twoja historia wyników
Nie rozwiązałeś tego quizu od ostatniego zresetowania